000
00277nam a2200121Ia 4500
008
210312s9999||||xx |||||||||||||| ||und||
041
_a
osm
050
_a
BL80
050
_b
M84
245
0
_a
Muhtelif milletlerin Allah itikadları
260
_c
1927
650
_a
Din--İnançlar
999
_c
21971
_d
21971